000 00621nam a2200253Ia 4500
005 20251020182450.0
008 200515s9999 xx 000 0 und d
082 _a621.136/I59
100 _aAutores varios
245 0 _aPavimentos : Autores varios. Selección de principales artículos
250 _a3a ed.
260 _aLima
260 _bInstituto de la Construcción y Gerencia
260 _c2009
300 _a160 p.
300 _bil., tbl., graf.
500 _a2 ejemplares
650 _aASFALTOS
650 _aPAVIMENTOS
650 _aPUB ICG
942 _cLIB
999 _c841
_d841